<?xml version="1.0" encoding="UTF-8"?>
<record
    xmlns:xsi="http://www.w3.org/2001/XMLSchema-instance"
    xsi:schemaLocation="http://www.loc.gov/MARC21/slim http://www.loc.gov/standards/marcxml/schema/MARC21slim.xsd"
    xmlns="http://www.loc.gov/MARC21/slim">

  <leader>00514nam a2200145   4500</leader>
  <datafield tag="999" ind1=" " ind2=" ">
    <subfield code="c">512564</subfield>
    <subfield code="d">512564</subfield>
  </datafield>
  <controlfield tag="008">191129b           ||||| |||| 00| 0 eng d</controlfield>
  <datafield tag="100" ind1=" " ind2=" ">
    <subfield code="a">Rao, Velcheru Narayana</subfield>
    <subfield code="9">14046</subfield>
  </datafield>
  <datafield tag="245" ind1=" " ind2=" ">
    <subfield code="a">By way of an introduction: Innovations in Telugu cultural history</subfield>
  </datafield>
  <datafield tag="260" ind1=" " ind2=" ">
    <subfield code="b">Indian Economic and Social History Review </subfield>
  </datafield>
  <datafield tag="300" ind1=" " ind2=" ">
    <subfield code="a">56(3), Jul-Sep, 2019: p.247-251.</subfield>
  </datafield>
  <datafield tag="650" ind1=" " ind2=" ">
    <subfield code="a">Cultural history - India - Telugu</subfield>
    <subfield code="9">14047</subfield>
  </datafield>
  <datafield tag="773" ind1=" " ind2=" ">
    <subfield code="a"> Indian Economic and Social History Review</subfield>
  </datafield>
  <datafield tag="906" ind1=" " ind2=" ">
    <subfield code="a">Cultural history</subfield>
  </datafield>
  <datafield tag="942" ind1=" " ind2=" ">
    <subfield code="c">AR</subfield>
  </datafield>
  <datafield tag="952" ind1=" " ind2=" ">
    <subfield code="0">0</subfield>
    <subfield code="1">0</subfield>
    <subfield code="2">ddc</subfield>
    <subfield code="4">0</subfield>
    <subfield code="7">0</subfield>
    <subfield code="9">386615</subfield>
    <subfield code="a">IIPA</subfield>
    <subfield code="b">IIPA</subfield>
    <subfield code="d">2019-11-29</subfield>
    <subfield code="h">56(3), Jul-Sep, 2019: p.247-251.</subfield>
    <subfield code="p">AR121915</subfield>
    <subfield code="r">2019-11-29</subfield>
    <subfield code="y">AR</subfield>
  </datafield>
</record>
